000 00521nam a22001817a 4500
999 _c6552
_d6552
003 GBCCL
005 20241126110605.0
008 180518b ||||| |||| 00| 0 eng d
040 _cgbc
082 _a236
_bSTA
100 _aStanton, Don E.
_97192
245 _aThe money crash has begun! /
_cDon E. Stanton
260 _aSecunderabad:
_bClaffind Publications Association,
_c1982
300 _a128 p.;
_bill.,
_c17 cm.
650 _aMaranatha Revival Crusade
_911727
650 _aTheology, Doctrinal
_914
942 _2ddc
_cBK